|
|
|
|
| LEADER |
00000cam a22000004a 4500 |
| 001 |
musev2_44701 |
| 003 |
MdBmJHUP |
| 005 |
20230905044657.0 |
| 006 |
m o d |
| 007 |
cr||||||||nn|n |
| 008 |
150924s2016 azu o 00 0 eng d |
| 020 |
|
|
|a 9780816533763
|
| 020 |
|
|
|z 9780816532377
|
| 035 |
|
|
|a (OCoLC)938785339
|
| 040 |
|
|
|a MdBmJHUP
|c MdBmJHUP
|
| 100 |
1 |
|
|a Acosta, Sal,
|e author.
|
| 245 |
1 |
0 |
|a Sanctioning Matrimony :
|b Western Expansion and Interethnic Marriage in the Arizona Borderlands /
|c Sal Acosta.
|
| 264 |
|
1 |
|a Tucson :
|b The University of Arizona Press,
|c 2016.
|
| 264 |
|
3 |
|a Baltimore, Md. :
|b Project MUSE,
|c 2016
|
| 264 |
|
4 |
|c ©2016.
|
| 300 |
|
|
|a 1 online resource (253 pages):
|b illustrations
|
| 336 |
|
|
|a text
|b txt
|2 rdacontent
|
| 337 |
|
|
|a computer
|b c
|2 rdamedia
|
| 338 |
|
|
|a online resource
|b cr
|2 rdacarrier
|
| 505 |
0 |
|
|a List of Illustrations; Acknowledgments; Introduction; 1. Arizona's Miscegenation Law and Racial Prescriptions; 2. The Discourse of Manifest Destiny and the Mexican Question; 3. Intermarriage in Tucson, 1860-1930; 4. "The woman in question is not a white woman, but a Mexican": Relationships with Blacks and Chinese; 5. Marital Expectations in the Borderlands; Epilogue; Notes; Bibliography; Index.
|
| 520 |
|
|
|a "This book examines intermarriage among Mexicans in the Tucson area between 1860 and 1930, shifting the focus away from marriages by the landed elite and onto the working class"--Provided by publisher.
|
| 588 |
|
|
|a Description based on print version record.
|
| 650 |
|
7 |
|a Recht
|2 gnd
|
| 650 |
|
7 |
|a Soziale Klasse
|2 gnd
|
| 650 |
|
7 |
|a Mestizisierung
|2 gnd
|
| 650 |
|
7 |
|a Interethnische Ehe
|2 gnd
|
| 650 |
|
7 |
|a Mexikaner
|2 gnd
|
| 650 |
|
7 |
|a Social classes.
|2 fast
|0 (OCoLC)fst01122346
|
| 650 |
|
7 |
|a Miscegenation.
|2 fast
|0 (OCoLC)fst01023613
|
| 650 |
|
7 |
|a Mexican Americans
|x Social conditions.
|2 fast
|0 (OCoLC)fst01019150
|
| 650 |
|
7 |
|a Interracial marriage
|x Law and legislation.
|2 fast
|0 (OCoLC)fst00977486
|
| 650 |
|
7 |
|a Interracial marriage.
|2 fast
|0 (OCoLC)fst00977484
|
| 650 |
|
7 |
|a HISTORY
|z United States
|x State & Local
|x Southwest (AZ, NM, OK, TX)
|2 bisacsh
|
| 650 |
|
6 |
|a Mariage interracial
|z Arizona
|z Tucson
|x Histoire
|y 19e siecle.
|
| 650 |
|
6 |
|a Mariage interracial
|z Arizona
|z Tucson
|x Histoire
|y 20e siecle.
|
| 650 |
|
6 |
|a Americains d'origine mexicaine
|z Arizona
|z Tucson
|x Conditions sociales
|y 19e siecle.
|
| 650 |
|
6 |
|a Americains d'origine mexicaine
|z Arizona
|z Tucson
|x Conditions sociales
|y 20e siecle.
|
| 650 |
|
6 |
|a Classes sociales
|z Arizona
|z Tucson
|x Histoire
|y 19e siecle.
|
| 650 |
|
6 |
|a Classes sociales
|z Arizona
|z Tucson
|x Histoire
|y 20e siecle.
|
| 650 |
|
6 |
|a Metissage
|z Arizona
|z Tucson
|x Histoire
|y 19e siecle.
|
| 650 |
|
6 |
|a Metissage
|z Arizona
|z Tucson
|x Histoire
|y 20e siecle.
|
| 650 |
|
0 |
|a Interracial marriage
|z Arizona
|z Tucson
|x History
|y 19th century.
|
| 650 |
|
0 |
|a Interracial marriage
|z Arizona
|z Tucson
|x History
|y 20th century.
|
| 650 |
|
0 |
|a Mexican Americans
|z Arizona
|z Tucson
|x Social conditions
|y 19th century.
|
| 650 |
|
0 |
|a Mexican Americans
|z Arizona
|z Tucson
|x Social conditions
|y 20th century.
|
| 650 |
|
0 |
|a Social classes
|z Arizona
|z Tucson
|x History
|y 19th century.
|
| 650 |
|
0 |
|a Social classes
|z Arizona
|z Tucson
|x History
|y 20th century.
|
| 650 |
|
0 |
|a Interracial marriage
|x Law and legislation
|z Arizona
|z Tucson
|x History
|y 19th century.
|
| 650 |
|
0 |
|a Interracial marriage
|x Law and legislation
|z Arizona
|z Tucson
|x History
|y 20th century.
|
| 650 |
|
0 |
|a Miscegenation
|z Arizona
|z Tucson
|x History
|y 19th century.
|
| 650 |
|
0 |
|a Miscegenation
|z Arizona
|z Tucson
|x History
|y 20th century.
|
| 651 |
|
7 |
|a Tucson, Ariz.
|2 gnd
|
| 651 |
|
7 |
|a Arizona
|z Tucson.
|2 fast
|0 (OCoLC)fst01205454
|
| 655 |
|
7 |
|a History.
|2 fast
|0 (OCoLC)fst01411628
|
| 655 |
|
0 |
|a Electronic book.
|
| 655 |
|
7 |
|a Electronic books.
|2 local
|
| 710 |
2 |
|
|a Project Muse.
|e distributor
|
| 830 |
|
0 |
|a Book collections on Project MUSE.
|
| 856 |
4 |
0 |
|z Texto completo
|u https://projectmuse.uam.elogim.com/book/44701/
|
| 945 |
|
|
|a Project MUSE - Custom Collection
|
| 945 |
|
|
|a Project MUSE - 2016 Complete
|
| 945 |
|
|
|a Project MUSE - 2016 US Regional Studies, West
|
| 945 |
|
|
|a Project MUSE - 2016 American Studies
|